Statistiques concernant Capitales se terminant par I

Cliquez ici pour prendre le quiz!

Statistiques générales

  • Ce quiz a été pris 183 fois
    (131 depuis la dernière actualisation)
  • Le résultat moyen est 8 sur 14

Statistiques - réponses

Capitales% Correct
Kigali
68%
Tripoli
68%
Dili
66%
Helsinki
63%
Hanoï
62%
New Delhi
62%
Bangui
61%
Djibouti
61%
Nairobi
56%
Tbilissi
56%
Moroni
54%
Taipei
49%
Funafuti
46%
Abou Dabi
45%

Distribution des résultats

Percentile par nombre de réponses

% des personnes avec chaque résultat

Votre développement - résultats

Vous n’avez pas pris ce quiz depuis la dernière actualisation